000 00441nam a2200145Ia 4500
008 240719s9999 xx 000 0 und d
041 _aeng
082 _a658.3124 HAY
100 _aHay Julie
245 _aThe Gower Assessment And Development Centrer Volume 1 Planning And Administration
260 _aMumbai
_bBookland International
_c2010
300 _a362.; P. 24 Cm
365 _b27
520 _aGifted By : IMT Faculty Dr.senthil kumar
999 _c41219
_d41219